Normal view
MARC view
Entry Topical Term
001 - CONTROL NUMBER
- control field: 31012
003 - CONTROL NUMBER IDENTIFIER
- control field: dpl
005 - DATE AND TIME OF LATEST TRANSACTION
- control field: 20110803121652.0
008 - FIXED-LENGTH DATA ELEMENTS
- fixed length control field: 110803|||a|||||| | ||| d
040 ## - CATALOGING SOURCE
- Original cataloging agency: dpl
- Transcribing agency: dpl
150 ## - HEADING--TOPICAL TERM
- Topical term or geographic name as entry element: Database management.
670 ## - SOURCE DATA FOUND
- Source citation: Work cat.: (dpl): 29868 Graham, Tyler, Microsoft SQL server 2008 R2 master data services :, 2011
670 ## - SOURCE DATA FOUND
- Source citation: Work cat.: (dpl): 29868 Graham, Tyler, Microsoft SQL server 2008 R2 master data services :, 2011
